000
00264nam a22000977a 4500
005
20250901165248.0
008
210301b ||||| |||| 00| 0 eng d
050
_a
QZ150 .R93
245
_a
Inflammation
_c
RYAN, GRAEME B.
942
_2
lcc
_h
QZ150 .R93 1987
999
_c
1196
_d
1196